The Code of civil procedure (V of 1908) with commentary / (Record no. 46660)
[ view plain ]
| 000 -LEADER | |
|---|---|
| fixed length control field | 00767nam a2200241ua 4500 |
| 001 - CONTROL NUMBER | |
| control field | 46660 |
| 003 - CONTROL NUMBER IDENTIFIER | |
| rucl marc code | BD-RjUL |
| 005 - DATE AND TIME OF LATEST TRANSACTION | |
| control field | 20211209054203.0 |
| 008 - FIXED-LENGTH DATA ELEMENTS--GENERAL INFORMATION | |
| fixed length control field | 160803s1968 pk 001 0 eng |
| 035 ## - SYSTEM CONTROL NUMBER | |
| System control number | (BD-RjUL)46779 |
| 040 ## - CATALOGING SOURCE | |
| Original cataloging agency | DLC |
| Transcribing agency | CarP |
| Modifying agency | DLC |
| Language of cataloging | eng |
| 041 ## - LANGUAGE CODE | |
| Language code of text/sound track or separate title | eng |
| 082 ## - DEWEY DECIMAL CLASSIFICATION NUMBER | |
| Edition number | 23 |
| Classification number | 347.9 |
| Author mark and year | NIC 1968 |
| 100 ## - MAIN ENTRY--PERSONAL NAME | |
| Personal name | Nizamy, Muhammad Mazhar Hasan |
| 9 (RLIN) | 142261 |
| 245 14 - TITLE STATEMENT | |
| Title | The Code of civil procedure (V of 1908) with commentary / |
| Statement of responsibility, etc. | with commentary by Muhammad Mazhar Hasan Nizamy. |
| 250 ## - EDITION STATEMENT | |
| Edition statement | 6th ed. |
| 260 ## - PUBLICATION, DISTRIBUTION, ETC. (IMPRINT) | |
| Place of publication, distribution, etc. | Lahore : |
| Name of publisher, distributor, etc. | All Pakistan Legal Division, |
| Date of publication, distribution, etc. | 1968. |
| 300 ## - PHYSICAL DESCRIPTION | |
| Pagination | lx, 626, 136 p. ; |
| Size | 24 cm. |
| 500 ## - GENERAL NOTE | |
| General note | Includes index |
| 650 #0 - SUBJECT ADDED ENTRY--TOPICAL TERM | |
| Topical term or geographic name as entry element | Civil procedure |
| Geographic subdivision | Pakistan. |
| 9 (RLIN) | 142262 |
| 710 2# - ADDED ENTRY--CORPORATE NAME | |
| Corporate name or jurisdiction name as entry element | Fazal i-Haq. [from old catalog] |
| 9 (RLIN) | 142263 |
| 942 ## - ADDED ENTRY ELEMENTS (KOHA) | |
| Source of classification or shelving scheme | Dewey Decimal Classification |
| Koha item type | Books |
| Lost status | Source of classification or shelving scheme | Damaged status | Not for loan | Collection code | Permanent Location | Current Location | Shelving location | Date acquired | Source of acquisition | Cost, normal purchase price | Total Checkouts | Full call number | Date last seen | Copy number | Koha item type |
|---|---|---|---|---|---|---|---|---|---|---|---|---|---|---|---|
| Dewey Decimal Classification | Non-fiction | Central Library, University of Rajshahi | Central Library, University of Rajshahi | 04/08/1968 | Wasi book corp., Dacca | 16.80 | 347.9 NIC 1968 | 03/08/2016 | C-2 | Books | |||||
| Dewey Decimal Classification | Non-fiction | Central Library, University of Rajshahi | Central Library, University of Rajshahi | 04/08/1968 | Wasi book corp., Dacca | 16.80 | 347.9 NIC 1968 | 03/08/2016 | C-3 | Books | |||||
| Dewey Decimal Classification | Non-fiction | Central Library, University of Rajshahi | Central Library, University of Rajshahi | 04/08/1968 | Wasi book corp., Dacca | 16.80 | 347.9 NIC 1968 | 03/08/2016 | C-4 | Books | |||||
| Dewey Decimal Classification | Non-fiction | Central Library, University of Rajshahi | Central Library, University of Rajshahi | 04/08/1968 | Wasi book corp., Dacca | 16.80 | 347.9 NIC 1968 | 03/08/2016 | C-5 | Books | |||||
| Dewey Decimal Classification | Non-fiction | Central Library, University of Rajshahi | Central Library, University of Rajshahi | 12/07/1968 | Warsi book corporation | 16.80 | 347.9 NIC 1968 | 05/11/2016 | C-6 | Books |